000 00620nam a22001937a 4500
005 20251117153039.0
008 251117b |||||||| |||| 00| 0 eng d
020 _a978-0-538-73551-3
050 _aQA 303.2 .L37 2011
_b1
100 _aLARSON,RON
245 _aCALCULUS: Early Transcendental Functions
250 _a5th Ed.
260 _aBELMONT,CALIFONIA
_bBROOKS/COLE
_c2011
300 _aXX,1142P.:ILL.
500 _aINCLUDES INDEX AND BIBLIOGRAPHICAL REFERENCES
650 _aCALCULUS,TEXTBOOKS,FUNCTIONS,TRANSCENDELTAL-TEXTBOOK,CALCULUS-PROBLEMS,EXERCISES
700 _aBRUCE,H.EDWARDS
942 _2lcc
_cBK
999 _c216197
_d216197